[Event "SVK-chT2C 1516"]
[Site "Slovakia"]
[Date "2015.10.17"]
[Round "1.2"]
[White "Haring, Viktor"]
[Black "Dusik, Tomas"]
[Result "1-0"]
[WhiteElo "2235"]
[BlackElo "2171"]
[PlyCount "55"]
[EventDate "2015.10.17"]
[EventType "team-tourn"]
[EventRounds "11"]
[EventCountry "SVK"]
[SourceTitle "CBM 169 Extra"]
[Source "ChessBase"]
[SourceDate "2015.12.18"]
[SourceVersion "1"]
[SourceVersionDate "2015.12.18"]
[SourceQuality "1"]
[WhiteTeam "Banska Bystrica Kurta"]
[BlackTeam "Zilina"]
[WhiteTeamCountry "SVK"]
[BlackTeamCountry "SVK"]

1. e4 e5 2. Nf3 Nf6 3. Nxe5 d6 4. Nf3 Nxe4 5. d4 d5 6. Bd3 Nc6 7. 0-0 Be7 8. Re1 Bg4 9. c3 f5 10. Nbd2 Qd6 11. Nf1 0-0-0 12. Ne3 Kb8 13. Nxg4 fxg4 14. Bxe4 dxe4 15. Nd2 e3 16. Rxe3 Bg5 17. Ne4 Qd5 18. Nxg5 Qxg5 19. Re4 Qb5 20. Qxg4 Rhe8 21. Rxe8 Rxe8 22. Qd1 a5 23. b3 a4 24. Be3 Na5 25. c4 Qf5 26. d5 b6 27. d6 Rd8 28. dxc7+ 1-0

[Event "SVK-chT2C 1314"]
[Site "Slovakia"]
[Date "2014.02.23"]
[Round "9.3"]
[White "Adamko, Peter"]
[Black "Dusik, Tomas"]
[Result "1/2-1/2"]
[WhiteElo "2149"]
[BlackElo "2129"]
[PlyCount "36"]
[EventDate "2013.10.19"]
[EventType "team-tourn"]
[EventRounds "11"]
[EventCountry "SVK"]
[SourceTitle "EXT 2015"]
[Source "ChessBase"]
[SourceDate "2014.11.20"]
[SourceVersion "1"]
[SourceVersionDate "2014.11.20"]
[SourceQuality "1"]
[WhiteTeam "Cadca II"]
[BlackTeam "Zilina DMS"]
[WhiteTeamCountry "SVK"]
[BlackTeamCountry "SVK"]

1. e4 e6 2. Nc3 c5 3. Nf3 Nc6 4. Bc4 Nf6 5. Qe2 d6 6. 0-0 Be7 7. Rd1 a6 8. a4 Nd4 9. Qd3 d5 10. Ba2 Nxf3+ 11. Qxf3 d4 12. Ne2 Bd7 13. Bb3 Rc8 14. d3 0-0 15. h3 e5 16. Ng3 b5 17. axb5 axb5 18. c3 Qb6 1/2-1/2

[Event "Teplicka nad Vahom op"]
[Site "Teplicka nad Vahom"]
[Date "2013.12.28"]
[Round "2"]
[White "Jurcik, Marian"]
[Black "Dusik, Tomas"]
[Result "1-0"]
[WhiteElo "2481"]
[BlackElo "2129"]
[PlyCount "69"]
[EventDate "2013.12.28"]
[EventType "swiss (rapid)"]
[EventRounds "9"]
[EventCountry "SVK"]
[SourceTitle "EXT 2015"]
[Source "ChessBase"]
[SourceDate "2014.11.20"]
[SourceVersion "1"]
[SourceVersionDate "2014.11.20"]
[SourceQuality "1"]

1. e4 e5 2. Nf3 Nf6 3. Nc3 Bb4 4. Bc4 0-0 5. 0-0 d6 6. d3 h6 7. Ne2 c6 8. Bb3 Nbd7 9. c3 Ba5 10. Ng3 Bb6 11. Re1 Ng4 12. Re2 Nc5 13. Bc2 Ne6 14. h3 Nf6 15. Nf5 Nf4 16. Bxf4 exf4 17. d4 Re8 18. Qd2 Bxf5 19. exf5 Rxe2 20. Qxe2 d5 21. Ne5 Nd7 22. Re1 Nxe5 23. dxe5 Qg5 24. e6 fxe6 25. fxe6 Qg3 26. Qf3 Qxf3 27. gxf3 g5 28. Bg6 Kg7 29. Bh5 Bc5 30. e7 Bxe7 31. Rxe7+ Kf6 32. Rxb7 Ke5 33. Re7+ Kd6 34. Rh7 Rb8 35. b3 1-0

[Event "SVK-chT2C 1213"]
[Site "Slovakia"]
[Date "2012.12.01"]
[Round "3.4"]
[White "Puskar, Jan"]
[Black "Dusik, Tomas"]
[Result "0-1"]
[WhiteElo "2011"]
[BlackElo "2138"]
[PlyCount "64"]
[EventDate "2012.10.13"]
[EventType "team-tourn"]
[EventRounds "11"]
[EventCountry "SVK"]
[SourceTitle "EXT 2015"]
[Source "ChessBase"]
[SourceDate "2014.11.20"]
[SourceVersion "1"]
[SourceVersionDate "2014.11.20"]
[SourceQuality "1"]
[WhiteTeam "Banska Bystrica Veza"]
[BlackTeam "Zilina DMS"]
[WhiteTeamCountry "SVK"]
[BlackTeamCountry "SVK"]

1. c4 Nf6 2. Nf3 b6 3. g3 Bb7 4. Bg2 g6 5. b3 Bg7 6. Bb2 0-0 7. 0-0 d6 8. d4 Nbd7 9. Nc3 e5 10. dxe5 dxe5 11. Ne1 e4 12. Nc2 Ng4 13. h3 Nh6 14. Qd2 Nc5 15. Rad1 Nf5 16. Qc1 Qe7 17. Nd5 Bxd5 18. Bxg7 Kxg7 19. Rxd5 c6 20. Rdd1 Rad8 21. Qb2+ Kg8 22. b4 Nb7 23. Qc3 c5 24. a3 Qe6 25. g4 Nfd6 26. Ne3 f5 27. f4 exf3 28. exf3 cxb4 29. axb4 Rc8 30. Rd4 Nb5 31. gxf5 Nxc3 32. fxe6 Ne2+ 0-1

[Event "SVK-chT2C 1112"]
[Site "Slovakia"]
[Date "2012.02.25"]
[Round "10.4"]
[White "Dusik, Tomas"]
[Black "Haring, Viktor"]
[Result "0-1"]
[WhiteElo "2158"]
[BlackElo "1964"]
[PlyCount "106"]
[EventDate "2011.10.08"]
[EventType "team-tourn"]
[EventRounds "11"]
[EventCountry "SVK"]
[SourceTitle "EXT 2013"]
[Source "ChessBase"]
[SourceDate "2012.11.22"]
[SourceVersion "1"]
[SourceVersionDate "2012.11.22"]
[SourceQuality "1"]
[WhiteTeam "Zilina DMS"]
[BlackTeam "Banska Bystrica Junior II"]
[WhiteTeamCountry "SVK"]
[BlackTeamCountry "SVK"]

1. Nf3 d5 2. d4 Nf6 3. c4 e6 4. Nc3 Be7 5. Bf4 c6 6. e3 Nbd7 7. Rc1 Nh5 8. Bg3 Nxg3 9. hxg3 Nf6 10. Qc2 Qa5 11. Bd3 h6 12. Ne5 0-0 13. g4 Nd7 14. Nf3 dxc4 15. Bh7+ Kh8 16. Rh5 f5 17. Bg6 Nf6 18. Ne5 Nxh5 19. Bxh5 Rf6 20. f4 Kg8 21. g5 hxg5 22. fxg5 Rf8 23. Qe2 Bxg5 24. Bg6 Qc7 25. Qh5 Bh6 26. Ke2 Qe7 27. Rh1 Bd7 28. g4 Be8 29. Bxe8 Raxe8 30. Ng6 Qg5 31. Qxg5 Bxg5 32. Rh8+ Kf7 33. Ne5+ Kf6 34. Nd7+ Ke7 35. Nxf8 Rxf8 36. Rh5 Kf6 37. gxf5 exf5 38. e4 Kg6 39. Rh1 fxe4 40. Nxe4 Rf4 41. Nxg5 Kxg5 42. Ke3 Rh4 43. Rb1 Rh2 44. b3 c3 45. Rg1+ Kf6 46. Kd3 c2 47. Ke4 Rd2 48. Rc1 g5 49. Ke3 Rh2 50. Rf1+ Kg6 51. Ke4 Kh5 52. Kf5 g4 53. Re1 Rf2+ 0-1

[Event "SVK-chT2C 1112"]
[Site "Slovakia"]
[Date "2011.12.03"]
[Round "5.3"]
[White "Dusik, Tomas"]
[Black "Pechac, Jergus"]
[Result "0-1"]
[WhiteElo "2158"]
[BlackElo "1960"]
[PlyCount "26"]
[EventDate "2011.10.08"]
[EventType "team-tourn"]
[EventRounds "11"]
[EventCountry "SVK"]
[SourceTitle "EXT 2013"]
[Source "ChessBase"]
[SourceDate "2012.11.22"]
[SourceVersion "1"]
[SourceVersionDate "2012.11.22"]
[SourceQuality "1"]
[WhiteTeam "Zilina DMS"]
[BlackTeam "Zilina Mladost II"]
[WhiteTeamCountry "SVK"]
[BlackTeamCountry "SVK"]

1. Nf3 e6 2. d4 b6 3. e4 Bb7 4. Bd3 c5 5. c3 Nf6 6. e5 Nd5 7. Be4 cxd4 8. c4 Ne3 9. Qd3 Na6 10. Bxb7 Bb4+ 11. Ke2 Nc5 12. Bxa8 Nxd3 13. Kxd3 Ng4 0-1

[Event "SVK-chT2C 0910"]
[Site "Slovakia"]
[Date "2009.10.10"]
[Round "1.4"]
[White "Palider, Pavol"]
[Black "Dusik, Tomas"]
[Result "1-0"]
[WhiteElo "2095"]
[BlackElo "2142"]
[PlyCount "151"]
[EventDate "2009.10.10"]
[EventType "team-tourn"]
[EventRounds "11"]
[EventCountry "SVK"]
[SourceTitle "EXT 2011"]
[Source "ChessBase"]
[SourceDate "2010.11.26"]
[SourceVersion "1"]
[SourceVersionDate "2010.11.26"]
[SourceQuality "1"]
[WhiteTeam "Dolny Kubin"]
[BlackTeam "Zilina DMS"]
[WhiteTeamCountry "SVK"]
[BlackTeamCountry "SVK"]

1. d4 f5 2. g4 fxg4 3. h3 d5 4. hxg4 Bxg4 5. Bh3 Qd7 6. Nc3 Nf6 7. Bg5 Ne4 8. Nxe4 dxe4 9. Qd2 Nc6 10. 0-0-0 0-0-0 11. d5 Ne5 12. Qd4 Qf5 13. Be3 Bxh3 14. Nxh3 Rd6 15. Ng5 Ng4 16. Nxe4 Ra6 17. Nc5 Rxa2 18. Kb1 Ra5 19. Bd2 Rb5 20. Qc4 a6 21. e4 Rxc5 22. Qxc5 Qxe4 23. Ba5 Qe5 24. Qa7 Qd6 25. Rhe1 Ne5 26. Qa8+ Kd7 27. Qxb7 Nc4 28. Bc3 Qb6 29. Qa8 h5 30. Re4 Na3+ 31. Kc1 Nb5 32. Re6 Nd6 33. Rd4 g6 34. Rxd6+ cxd6 35. Rd2 Rg8 36. Kb1 Bg7 37. Qxg8 Bxc3 38. Qe6+ Kd8 39. Kc1 Qxb2+ 40. Kd1 Bxd2 41. Kxd2 Qd4+ 42. Kc1 Qf4+ 43. Kb1 Qxf2 44. Qg8+ Kc7 45. Qa8 Qb6+ 46. Kc1 Kd7 47. Qg8 Qe3+ 48. Kb1 Qe4 49. Qa8 Qb4+ 50. Kc1 Qc5 51. Qg8 a5 52. Qe6+ Kd8 53. Qg8+ Kc7 54. Qe6 Kb6 55. Qg8 Kb5 56. Qb8+ Kc4 57. Qb3+ Kd4 58. Qd3+ Ke5 59. Qxg6 Qe3+ 60. Kb1 Kxd5 61. Qxh5+ e5 62. Qf7+ Kc6 63. Qe8+ Kc5 64. Qc8+ Kd4 65. Qa6 Qe1+ 66. Ka2 Qb4 67. Qd3+ Kc5 68. Qe3+ Kb5 69. Qa7 Qc4+ 70. Kb1 Qc5 71. Qb7+ Qb6 72. Qd5+ Kb4 73. Ka2 Qd4 74. Qb7+ Kc3 75. Qb2+ Kd2 76. c3+ 1-0

[Event "SVK-chT2C 0809"]
[Site "Slovakia"]
[Date "2009.02.01"]
[Round "9.1"]
[White "Dusik, Tomas"]
[Black "Csolto, Robert"]
[Result "0-1"]
[WhiteElo "2148"]
[BlackElo "2315"]
[PlyCount "68"]
[EventDate "2008.10.11"]
[EventType "team-tourn"]
[EventRounds "11"]
[EventCountry "SVK"]
[SourceTitle "EXT 2010"]
[Source "ChessBase"]
[SourceDate "2010.11.25"]
[SourceVersion "1"]
[SourceVersionDate "2010.11.25"]
[SourceQuality "1"]
[WhiteTeam "Zilina DMS"]
[BlackTeam "Jelsava Magnezit"]
[WhiteTeamCountry "SVK"]
[BlackTeamCountry "SVK"]

1. d4 Nf6 2. e3 d6 3. f4 g6 4. Nf3 Bg7 5. Bd3 Nbd7 6. c3 0-0 7. 0-0 c5 8. Qc2 e5 9. dxe5 dxe5 10. f5 Qe7 11. Ng5 h6 12. Ne4 c4 13. Bxc4 Nxe4 14. Qxe4 Nc5 15. f6 Qxf6 16. Qd5 Qe7 17. b4 Be6 18. Qxc5 Qxc5 19. bxc5 Bxc4 20. Re1 e4 21. Bb2 Rfd8 22. Na3 Bd3 23. Rac1 Bf8 24. Nc2 Bxc2 25. Rxc2 Bxc5 26. c4 Rd3 27. Rce2 f5 28. g4 Kf7 29. Kg2 Rad8 30. h4 Bxe3 31. Rxe3 Rxe3 32. Rxe3 Rd2+ 33. Kg3 Rxb2 34. h5 Rxa2 0-1

[Event "SVK-chT2C 0809"]
[Site "Slovakia"]
[Date "2008.11.09"]
[Round "4.5"]
[White "Dusik, Tomas"]
[Black "Hrnciar, Roman"]
[Result "1-0"]
[WhiteElo "2148"]
[BlackElo "2078"]
[PlyCount "67"]
[EventDate "2008.10.11"]
[EventType "team-tourn"]
[EventRounds "11"]
[EventCountry "SVK"]
[SourceTitle "EXT 2010"]
[Source "ChessBase"]
[SourceDate "2010.11.25"]
[SourceVersion "1"]
[SourceVersionDate "2010.11.25"]
[SourceQuality "1"]
[WhiteTeam "Zilina DMS"]
[BlackTeam "Dolny Kubin"]
[WhiteTeamCountry "SVK"]
[BlackTeamCountry "SVK"]

1. d4 d5 2. Nf3 Nf6 3. c4 e6 4. e3 Be7 5. Nc3 0-0 6. Bd3 c6 7. 0-0 Nbd7 8. Qe2 dxc4 9. Bxc4 b5 10. Bd3 Bb7 11. e4 b4 12. Na4 Qa5 13. b3 Qh5 14. Bg5 c5 15. dxc5 Nxc5 16. Nxc5 Bxc5 17. Rac1 Bb6 18. Bxf6 gxf6 19. Ba6 Rab8 20. Bxb7 Rxb7 21. Rc4 Kh8 22. Rfc1 Rg8 23. Rc8 Qg4 24. Rxg8+ Kxg8 25. Rc8+ Kg7 26. Qd3 Rc7 27. Rxc7 Bxc7 28. Nd4 Be5 29. Nc6 Qf4 30. Qg3+ Qxg3 31. hxg3 Bc3 32. Nxa7 Kg6 33. Nb5 f5 34. a4 1-0

[Event "SVK-chT2C 0809"]
[Site "Slovakia"]
[Date "2008.11.08"]
[Round "3.5"]
[White "Dusik, Tomas"]
[Black "Jelen, Peter"]
[Result "0-1"]
[WhiteElo "2148"]
[BlackElo "2177"]
[PlyCount "68"]
[EventDate "2008.10.11"]
[EventType "team-tourn"]
[EventRounds "11"]
[EventCountry "SVK"]
[SourceTitle "EXT 2010"]
[Source "ChessBase"]
[SourceDate "2010.11.25"]
[SourceVersion "1"]
[SourceVersionDate "2010.11.25"]
[SourceQuality "1"]
[WhiteTeam "Zilina DMS"]
[BlackTeam "Liptov SK III"]
[WhiteTeamCountry "SVK"]
[BlackTeamCountry "SVK"]

1. d4 d5 2. Nf3 Nf6 3. c4 e6 4. Bg5 Be7 5. e3 h6 6. Bh4 0-0 7. Nc3 Nbd7 8. Rc1 b6 9. cxd5 exd5 10. Bd3 Bb7 11. 0-0 Ne4 12. Bxe7 Qxe7 13. Qa4 a6 14. Qb3 Ndf6 15. Bxe4 dxe4 16. Ne5 Rad8 17. Rfd1 Ne8 18. a4 Rd6 19. Nc4 Rg6 20. Ne2 h5 21. Nf4 Rg5 22. Ne5 Rf5 23. a5 b5 24. Rc5 Kh7 25. Rdc1 g6 26. Nd5 Qe6 27. R1c3 Rxe5 28. Nf6+ Nxf6 29. Rxe5 Qxb3 30. Rxb3 Bd5 31. Rc3 c6 32. f3 exf3 33. gxf3 Bxf3 34. Re7 Kg7 0-1

[Event "SVK-chT1E 0708"]
[Site "Slovakia"]
[Date "2007.12.08"]
[Round "5.5"]
[White "Lakatos, Vladimir"]
[Black "Dusik, Tomas"]
[Result "1/2-1/2"]
[WhiteElo "2176"]
[BlackElo "2141"]
[PlyCount "158"]
[EventDate "2007.10.13"]
[EventType "team-swiss"]
[EventRounds "11"]
[EventCountry "SVK"]
[SourceTitle "EXT 2009"]
[Source "ChessBase"]
[SourceDate "2008.11.26"]
[SourceVersion "1"]
[SourceVersionDate "2008.11.26"]
[SourceQuality "1"]
[WhiteTeam "Zilina Mladost"]
[BlackTeam "Martin MSK"]
[WhiteTeamCountry "SVK"]
[BlackTeamCountry "SVK"]

1. c4 Nf6 2. Nc3 d5 3. cxd5 Nxd5 4. e4 Nxc3 5. bxc3 e5 6. Bc4 Bc5 7. Nf3 Qe7 8. 0-0 Bg4 9. Bb2 0-0 10. d4 Bd6 11. h3 Bh5 12. Re1 Nc6 13. Rb1 Rad8 14. g4 Bg6 15. d5 Na5 16. Bd3 b6 17. Qe2 Nb7 18. Bc1 Nc5 19. Bc2 h6 20. Kg2 Rde8 21. Nd2 Qd7 22. Nc4 Qd8 23. f3 Nb7 24. Qf2 Bc5 25. Qg3 Qe7 26. Bd2 a6 27. a4 f6 28. h4 Rd8 29. Re2 Rxd5 30. h5 Bh7 31. Bxh6 Rd7 32. Be3 Bxe3 33. Nxe3 Kh8 34. Nd5 Qd8 35. a5 Nxa5 36. Qf2 Nc4 37. Rh1 c6 38. Nb4 a5 39. Nxc6 Qc7 40. Ba4 Rd6 41. Ra1 Rxc6 42. Bxc6 Qxc6 43. h6 g5 44. Qe1 a4 45. Qb1 Rd8 46. Qb4 Bg8 47. Rxa4 Qd6 48. Qxd6 Rxd6 49. Ra8 Rd2 50. Kf2 Kh7 51. Rxd2 Nxd2 52. Ke2 Nb3 53. Ke3 Nc5 54. Rb8 Nd7 55. Rd8 Be6 56. Re8 Nc5 57. Rb8 Na4 58. Rf8 b5 59. Rxf6 Bc4 60. Kd2 Nc5 61. Rf5 Kxh6 62. Rxe5 Ne6 63. Rf5 Kg6 64. Ke3 Ng7 65. Rc5 Kf6 66. Rc8 Ke5 67. Rc5+ Kf6 68. Rc8 Ne6 69. Rc6 Ke5 70. Rc8 Kd6 71. Rh8 Ba2 72. Rb8 Kc6 73. Rc8+ Kd6 74. Rb8 Bc4 75. Rh8 Nc5 76. Rd8+ Ke7 77. Rd2 Ne6 78. Rh2 Kd6 79. Rh8 Kc6 1/2-1/2

[Event "SVK-chT2 0304"]
[Site "Slovakia"]
[Date "2004.??.??"]
[Round "5"]
[White "Dusik, Tomas"]
[Black "Hlas, Jan"]
[Result "1/2-1/2"]
[WhiteElo "2154"]
[BlackElo "2166"]
[PlyCount "43"]
[EventDate "2003.10.??"]
[EventType "team-tourn"]
[EventRounds "11"]
[EventCountry "SVK"]
[SourceTitle "EXT 2006"]
[Source "ChessBase"]
[SourceDate "2005.11.24"]
[SourceVersion "1"]
[SourceVersionDate "2005.11.24"]
[SourceQuality "1"]

1. c4 Nf6 2. Nf3 g6 3. Nc3 Bg7 4. g3 0-0 5. Bg2 d6 6. 0-0 Nc6 7. Rb1 a5 8. d3 e5 9. Bd2 Nd4 10. a3 c6 11. Ne1 d5 12. e3 Ne6 13. cxd5 cxd5 14. e4 dxe4 15. dxe4 Nd4 16. Bg5 Be6 17. Nd5 Bxd5 18. exd5 h6 19. Bxf6 Qxf6 20. Nc2 Nxc2 21. Qxc2 Qb6 22. Rfc1 1/2-1/2

[Event "SVK-chT2 0304"]
[Site "Slovakia"]
[Date "2004.??.??"]
[Round "6"]
[White "Dusik, Tomas"]
[Black "Macko, Michal"]
[Result "0-1"]
[WhiteElo "2154"]
[BlackElo "2125"]
[PlyCount "44"]
[EventDate "2003.10.??"]
[EventType "team-tourn"]
[EventRounds "11"]
[EventCountry "SVK"]
[SourceTitle "EXT 2006"]
[Source "ChessBase"]
[SourceDate "2005.11.24"]
[SourceVersion "1"]
[SourceVersionDate "2005.11.24"]
[SourceQuality "1"]

1. d4 d5 2. Nf3 Nf6 3. Bg5 Ne4 4. Bf4 Nc6 5. e3 e6 6. Nbd2 g5 7. Nxe4 gxf4 8. Ned2 fxe3 9. fxe3 Bh6 10. Qe2 Bd7 11. 0-0-0 Qe7 12. Kb1 0-0-0 13. Nb3 Kb8 14. Nc5 e5 15. Qb5 Bc8 16. Rd3 Rd6 17. Na6+ Ka8 18. dxe5 Nxe5 19. Nxc7+ Qxc7 20. Nxe5 Rb6 21. Qxd5 Bg7 22. Nd7 Rxb2+ 0-1

[Event "SVK-chT2 0304"]
[Site "Slovakia"]
[Date "2003.??.??"]
[Round "2"]
[White "Jurcik, Marian"]
[Black "Dusik, Tomas"]
[Result "1-0"]
[WhiteElo "2214"]
[BlackElo "2154"]
[PlyCount "103"]
[EventDate "2003.10.??"]
[EventType "team-tourn"]
[EventRounds "11"]
[EventCountry "SVK"]
[SourceTitle "EXT 2006"]
[Source "ChessBase"]
[SourceDate "2005.11.24"]
[SourceVersion "1"]
[SourceVersionDate "2005.11.24"]
[SourceQuality "1"]

1. e4 c5 2. Nf3 d6 3. d4 cxd4 4. Nxd4 Nf6 5. f3 e5 6. Bb5+ Bd7 7. Bxd7+ Qxd7 8. Nf5 d5 9. Bg5 dxe4 10. Bxf6 Qxd1+ 11. Kxd1 gxf6 12. fxe4 Nc6 13. Nc3 0-0-0+ 14. Nd5 Rg8 15. g3 Rg4 16. Re1 Nb4 17. h3 Rg5 18. c4 Bc5 19. Re2 Nd3 20. Kc2 Nb4+ 21. Nxb4 Bxb4 22. Rd1 Rxd1 23. Kxd1 a5 24. Re3 Kd7 25. Rd3+ Kc7 26. Ke2 Rg8 27. Kf3 Bc5 28. Nh6 Rg6 29. Rd5 Rxh6 30. Rxc5+ Kb6 31. Rb5+ Kc6 32. Rxa5 Rxh3 33. Kg2 Rh5 34. b4 Rg5 35. Rc5+ Kd7 36. b5 Kd6 37. Rc8 f5 38. c5+ Kd7 39. Rb8 f4 40. Rxb7+ Ke6 41. c6 Rxg3+ 42. Kf2 Rg8 43. b6 h5 44. c7 Kd7 45. Rb8 Rc8 46. b7 Rxc7 47. Rd8+ Kxd8 48. b8Q+ Kd7 49. Qb5+ Rc6 50. Qxe5 f6 51. Qxh5 Ke7 52. Kf3 1-0

[Event "SVK-chT1E 0203"]
[Site "Slovakia"]
[Date "2002.??.??"]
[Round "?"]
[White "Dusik, Tomas"]
[Black "Vyparina, Matej"]
[Result "0-1"]
[WhiteElo "2161"]
[BlackElo "2146"]
[PlyCount "94"]
[EventDate "2002.10.??"]
[EventType "team-tourn"]
[EventRounds "11"]
[EventCountry "SVK"]
[SourceTitle "EXT 2005"]
[Source "ChessBase"]
[SourceDate "2004.11.15"]
[SourceVersion "1"]
[SourceVersionDate "2004.11.15"]
[SourceQuality "1"]

1. Nf3 Nf6 2. g3 b5 3. Bg2 Bb7 4. d4 e6 5. c3 c5 6. 0-0 Be7 7. Bg5 h6 8. Bxf6 gxf6 9. a4 a6 10. Nbd2 Qb6 11. e4 Nc6 12. d5 Na5 13. Ne1 c4 14. b4 cxb3 15. Nxb3 Nc4 16. axb5 axb5 17. Rxa8+ Bxa8 18. Nd4 0-0 19. Nec2 Rc8 20. Qh5 Bf8 21. dxe6 dxe6 22. Rb1 Rc5 23. Qe2 Nd6 24. Rb3 Bb7 25. Na3 Ba6 26. h4 Bg7 27. Nac2 Qc7 28. Nb4 Bb7 29. Qe1 f5 30. Nd3 Bxd4 31. cxd4 Rc4 32. e5 Ne4 33. f3 Rc3 34. Rxc3 Nxc3 35. Qe3 Qc4 36. Nf4 b4 37. Nh5 Qxd4 38. Nf6+ Kf8 39. Nd7+ Ke7 40. Qxd4 Ne2+ 41. Kf2 Nxd4 42. Nc5 Bd5 43. Ke3 b3 44. Nd3 Nc6 45. Bf1 Bc4 46. Be2 Bxd3 47. Kxd3 b2 0-1

[Event "SVK-chT3A 0102"]
[Site "Slovakia"]
[Date "2002.??.??"]
[Round "11"]
[White "Magat, Jozef"]
[Black "Dusik, Tomas"]
[Result "1-0"]
[WhiteElo "2052"]
[BlackElo "2162"]
[PlyCount "103"]
[EventDate "2001.10.??"]
[EventType "team-tourn"]
[EventRounds "11"]
[EventCountry "SVK"]
[SourceTitle "EXT 2006"]
[Source "ChessBase"]
[SourceDate "2005.11.24"]
[SourceVersion "1"]
[SourceVersionDate "2005.11.24"]
[SourceQuality "1"]

1. e4 e6 2. d4 d5 3. Nc3 Nf6 4. Bg5 Bb4 5. e5 h6 6. Bd2 Bxc3 7. bxc3 Ne4 8. Qg4 g6 9. Bd3 Nxd2 10. Kxd2 c5 11. h4 h5 12. Qf4 Nc6 13. Nf3 c4 14. Ng5 Qe7 15. Be2 Bd7 16. Rab1 b6 17. Rh3 Nd8 18. g4 hxg4 19. Bxg4 Bc6 20. h5 gxh5 21. Rxh5 Rxh5 22. Bxh5 Kd7 23. Rh1 Kc8 24. Nxf7 Nxf7 25. Qxf7 Kd7 26. Qxe7+ Kxe7 27. Bg4 Rf8 28. Ke3 Bd7 29. Rh6 a5 30. Bh5 b5 31. Rh7+ Kd8 32. a3 Kc8 33. Bf7 Kd8 34. f4 Ke7 35. Bg6+ Kd8 36. Kf3 Rg8 37. Rh6 Ke7 38. Kg4 Rf8 39. Rh7+ Kd8 40. Kg5 Rg8 41. Kf6 Rf8+ 42. Bf7 Bc8 43. Kg7 Ke7 44. Kg6 Bd7 45. f5 exf5 46. Bxd5+ Kd8 47. e6 Bxe6 48. Bxe6 f4 49. Rb7 f3 50. Rb8+ Ke7 51. Rxf8 Kxf8 52. Kf6 1-0

[Event "SVK-chT3A 0102"]
[Site "Slovakia"]
[Date "2001.??.??"]
[Round "2"]
[White "Bakalar, Jan"]
[Black "Dusik, Tomas"]
[Result "0-1"]
[WhiteElo "2048"]
[BlackElo "2162"]
[PlyCount "72"]
[EventDate "2001.10.??"]
[EventType "team-tourn"]
[EventRounds "11"]
[EventCountry "SVK"]
[SourceTitle "EXT 2006"]
[Source "ChessBase"]
[SourceDate "2005.11.24"]
[SourceVersion "1"]
[SourceVersionDate "2005.11.24"]
[SourceQuality "1"]

1. e4 e6 2. d3 b6 3. g3 Bb7 4. Bg2 f5 5. Ne2 Nf6 6. Nd2 fxe4 7. dxe4 Bc5 8. 0-0 0-0 9. h3 Qe8 10. e5 Bxg2 11. Kxg2 Nd5 12. Ne4 Qg6 13. Nxc5 bxc5 14. f3 Nc6 15. c4 Nb6 16. Be3 Nxc4 17. Bxc5 Rfb8 18. b3 N4xe5 19. Nf4 Qf7 20. h4 d6 21. Be3 Ne7 22. Rc1 Nf5 23. Qd2 Ng6 24. Bf2 Nfxh4+ 25. gxh4 Nxf4+ 26. Kh1 Qf5 27. Bg3 Nh5 28. Bh2 Rb7 29. Rc4 Qh3 30. Qg2 Qxg2+ 31. Kxg2 Nf6 32. Rfc1 Nd5 33. Kf2 Rf8 34. Ke2 Kf7 35. Rd1 Ke7 36. Re4 Nc3+ 0-1

[Event "SVK-ch U25"]
[Site "Nitra"]
[Date "2001.??.??"]
[Round "2"]
[White "Csolto, Robert"]
[Black "Dusik, Tomas"]
[Result "1-0"]
[WhiteElo "2238"]
[BlackElo "2102"]
[PlyCount "59"]
[EventDate "2001.??.??"]
[EventType "swiss"]
[EventRounds "9"]
[EventCountry "SVK"]
[SourceTitle "EXT 2006"]
[Source "ChessBase"]
[SourceDate "2005.11.24"]
[SourceVersion "1"]
[SourceVersionDate "2005.11.24"]
[SourceQuality "1"]

1. e4 e5 2. Nf3 Nf6 3. d4 Nxe4 4. dxe5 d5 5. Nbd2 Nxd2 6. Bxd2 Bg4 7. h3 Bh5 8. Bd3 Nc6 9. g4 Bg6 10. Bxg6 hxg6 11. Qe2 Be7 12. 0-0-0 Qd7 13. Ng5 Nd4 14. Qd3 Bxg5 15. Qxd4 Be7 16. Bc3 c6 17. Kb1 Qe6 18. f4 b6 19. Qa4 Bc5 20. f5 b5 21. Qf4 gxf5 22. gxf5 Qh6 23. Qg4 0-0 24. Bd2 Be3 25. Rhg1 Bxd2 26. Rxd2 Rfe8 27. Rdg2 Rxe5 28. Qxg7+ Qxg7 29. Rxg7+ Kh8 30. R7g5 1-0

[Event "SVK-ch U25"]
[Site "Nitra"]
[Date "2001.??.??"]
[Round "9"]
[White "Dusik, Tomas"]
[Black "Hrivnak, Martin"]
[Result "1/2-1/2"]
[WhiteElo "2102"]
[BlackElo "2177"]
[PlyCount "27"]
[EventDate "2001.??.??"]
[EventType "swiss"]
[EventRounds "9"]
[EventCountry "SVK"]
[SourceTitle "EXT 2006"]
[Source "ChessBase"]
[SourceDate "2005.11.24"]
[SourceVersion "1"]
[SourceVersionDate "2005.11.24"]
[SourceQuality "1"]

1. e4 g6 2. d4 Bg7 3. Nc3 d6 4. Nf3 Nf6 5. Be2 0-0 6. h3 e5 7. Bg5 h6 8. Bxf6 Bxf6 9. dxe5 dxe5 10. Qxd8 Bxd8 11. Rd1 Nd7 12. 0-0 c6 13. Rd2 Bc7 14. Rfd1 1/2-1/2

[Event "SVK-chT1E 0001"]
[Site "Slovakia"]
[Date "2001.??.??"]
[Round "9"]
[White "Dusik, Tomas"]
[Black "Pejko, Otomar"]
[Result "1/2-1/2"]
[WhiteElo "2102"]
[BlackElo "2161"]
[PlyCount "121"]
[EventDate "2000.??.??"]
[EventType "team-tourn"]
[EventRounds "11"]
[EventCountry "SVK"]
[SourceTitle "EXT 2002"]
[Source "ChessBase"]
[SourceDate "2001.11.25"]
[SourceVersion "1"]
[SourceVersionDate "2001.11.25"]
[SourceQuality "1"]

1. d4 Nf6 2. Nf3 c5 3. d5 e6 4. c4 exd5 5. cxd5 d6 6. Nc3 g6 7. e4 Bg7 8. Be2 0-0 9. 0-0 a6 10. a4 Re8 11. Nd2 Nbd7 12. f3 Rb8 13. a5 h5 14. Nc4 Ne5 15. Nxe5 Rxe5 16. Bf4 Re8 17. Qd2 Qe7 18. Na4 Nd7 19. Rab1 b5 20. axb6 Bd4+ 21. Kh1 Nxb6 22. Nxb6 Rxb6 23. b4 Qf6 24. Bg5 Qe5 25. bxc5 Rxb1 26. Rxb1 Bxc5 27. Bf4 Qf6 28. Be3 Bxe3 29. Qxe3 Qe5 30. Qb6 f5 31. Bd3 fxe4 32. Bxe4 Bf5 33. Rf1 Bxe4 34. fxe4 Rf8 35. Rxf8+ Kxf8 36. Qxa6 Qf4 37. Qa8+ Kf7 38. Qb7+ Kf6 39. Qb2+ Kf7 40. Qb1 Kf6 41. Qb2+ Kg5 42. Qb1 Kf6 43. Qa1+ Kg5 44. Qe1 Kf6 45. Qc3+ Kg5 46. h3 Qxe4 47. Qg3+ Kf5 48. Qxd6 Qe1+ 49. Kh2 Qe5+ 50. Qxe5+ Kxe5 51. Kg3 Kxd5 52. Kf4 Ke6 53. Kg5 Kf7 54. Kh6 Kf6 55. g3 Kf7 56. Kh7 Kf6 57. Kg8 g5 58. Kh7 g4 59. hxg4 Kg5 60. gxh5 Kxh5 61. Kg7 1/2-1/2

[Event "SVK-ch U25"]
[Site "Nitra"]
[Date "2001.??.??"]
[Round "6"]
[White "Dusik, Tomas"]
[Black "Pokorna, Renata"]
[Result "1/2-1/2"]
[WhiteElo "2102"]
[BlackElo "2087"]
[PlyCount "47"]
[EventDate "2001.??.??"]
[EventType "swiss"]
[EventRounds "9"]
[EventCountry "SVK"]
[SourceTitle "EXT 2006"]
[Source "ChessBase"]
[SourceDate "2005.11.24"]
[SourceVersion "1"]
[SourceVersionDate "2005.11.24"]
[SourceQuality "1"]

1. e4 e5 2. Nf3 Nc6 3. Bb5 a6 4. Ba4 Nf6 5. 0-0 b5 6. Bb3 Be7 7. Qe2 0-0 8. c3 d6 9. d3 Na5 10. Bc2 c5 11. Nbd2 Bd7 12. Rd1 Qc7 13. Nf1 Rfc8 14. Bg5 Nb7 15. Ne3 Be6 16. d4 c4 17. Bh4 Ng4 18. h3 Nxe3 19. fxe3 Bxh4 20. Nxh4 Rf8 21. Rf1 g6 22. Rf6 Qe7 23. Raf1 Kg7 24. Qf2 1/2-1/2